000 00222nam a22001097a 4500
003 OSt
008 221031b |||||||| |||| 00| 0 eng d
041 _aeng
082 _a028.7261
_bVAL
245 _aValve manual
942 _cBK
999 _c17563
_d17563